| 000 | 01819cam a22003734a 4500 | ||
|---|---|---|---|
| 001 | 13701515 | ||
| 003 | OSt | ||
| 005 | 20170105102907.0 | ||
| 008 | 040827s2005 enkb b 001 0 eng | ||
| 010 | _a 2004020407 | ||
| 020 | _a0754644340 (alk. paper) | ||
| 040 |
_aDLC _cDLC _dDLC |
||
| 042 | _apcc | ||
| 043 |
_aa-pk--- _aa-af--- |
||
| 050 | 0 | 0 |
_aDS383.5.A3 _bH87 2005 |
| 082 | 0 | 0 |
_a327.5491 _222 _bHUS 2005 |
| 100 | 1 | _aHussain, Rizwan. | |
| 245 | 1 | 0 |
_aPakistan and the emergence of Islamic militancy in Afghanistan / _cRizwan Hussain. |
| 260 |
_aAldershot, England ; _aBurlington, VT : _bAshgate, _cc2005. |
||
| 300 |
_a288 p. : _bmaps ; _c25 cm. |
||
| 504 | _aIncludes bibliographical references (p. [257]-283) and index. | ||
| 505 | 0 | _aThe Pakistan-Afghanistan relationship in a historical perspective -- Pakistan-Afghanistan ties, 1947-1977 -- The Zia regime and Afghanistan, 1978-1988 -- The concluding years of the cold war and the Afghan conflict -- Pakistan and the "Islamic State of Afghanistan", 1992-1995 -- Pakistan and the Taliban, 1996-2001. | |
| 650 | 0 |
_aIslamic fundamentalism _zAfghanistan. |
|
| 651 | 0 |
_aPakistan _xForeign relations _zAfghanistan. |
|
| 651 | 0 |
_aAfghanistan _xForeign relations _zPakistan. |
|
| 651 | 0 |
_aPakistan _xPolitics and government _y1971-1988. |
|
| 651 | 0 |
_aPakistan _xPolitics and government _y1988- |
|
| 651 | 0 |
_aAfghanistan _xPolitics and government _y1973-1989. |
|
| 651 | 0 |
_aAfghanistan _xPolitics and government _y1989-2001. |
|
| 856 | 4 | 1 |
_3Table of contents _uhttp://www.loc.gov/catdir/toc/ecip0422/2004020407.html |
| 906 |
_a7 _bcbc _corignew _d1 _eecip _f20 _gy-gencatlg |
||
| 942 |
_2ddc _cBK |
||
| 999 |
_c14937 _d14937 |
||